| 000 | 005120000a22001810004500 | ||
|---|---|---|---|
| 003 | MACL | ||
| 005 | 20160311151747.0 | ||
| 008 | 160311b xxu||||| |||| 00| 0 eng d | ||
| 040 |
_aMACL _cMACL |
||
| 041 | _aHindi | ||
| 082 | _a891.433 | ||
| 100 |
_aपंडित आनंद कुमार _944988 |
||
| 245 | _aदफा चौराहा | ||
| 260 |
_bसरस्वती विहार _c1979 _aदिल्ली |
||
| 350 | _a15 | ||
| 650 |
_aNovel _944989 |
||
| 942 |
_cHIN _k891.433 _2ddc |
||
| 999 |
_c27127 _d27127 |
||